000 00370nam a2200157Ia 4500
003 Ost
005 20260225132545.0
008 260225s9999||||xx |||||||||||||| ||und||
040 _cfsic
041 _afre
082 _a440
100 _aM.abdeellah Yahia
_eAuteur
245 0 _aLe Yemen et ses moyens d'information /
245 0 _cM.abdeellah Yahia
942 _cكتاب
999 _c33787
_d33787